| 000 | 00990nac a22002411u 4500 | ||
|---|---|---|---|
| 020 | _a1928994296 (pbk.) | ||
| 082 |
_a005.8 _bS5566 |
||
| 090 |
_c562 _d562 |
||
| 100 | _aShinder, Thomas W. | ||
| 245 |
_aConfiguring ISA server 2000 : _bbuilding firewalls for windows 2000 / _c [Thomas W. Shinder, Debra Littlejohn Shinder ; Martin Grasdal, technical editor]. |
||
| 260 |
_aRockland, Mass. ; _aa [Great Britain] : _bSyngress, _cc2001. |
||
| 300 |
_axl, 909 p. : _bill. ; _c25 cm. |
||
| 500 | _aIncludes index. | ||
| 500 | _aOne CD-ROM in pocket attached to inside back cover. | ||
| 650 | _aMicrosoft ISA server. | ||
| 650 | _aFirewalls (Computer security) | ||
| 650 |
_aComputer networks _xSecurity measures. |
||
| 650 | _aComputer security. | ||
| 700 | _aShinder, Debra Littlejohn. | ||
| 700 | _aGrasdal, Martin. | ||
| 942 |
_cBB _k005.8S5566 |
||
| 999 |
_c562 _d562 |
||